| 000 | 00671nam a2200193Ia 4500 | ||
|---|---|---|---|
| 008 | 151121s9999||||xx |||||||||||||| ||und|| | ||
| 082 | _a814/नाराय | ||
| 082 | _bHNW-10441 | ||
| 100 | _aनारायण जयप्रकाश | ||
| 245 | _aसमाजवादच का ? | ||
| 260 | _b"सुलभ राष्ट्रीय ग्रंथमाला, पुणे।" | ||
| 260 | _c-- | ||
| 300 | _a133 | ||
| 600 | _aनारायण जयप्रकाश | ||
| 630 | _aसमाजवादच का ? | ||
| 700 | _aनारायण जयप्रकाश | ||
| 730 | _aसमाजवादच का ? | ||
| 942 | _cBOOK | ||
| 999 |
_c1215605 _d1215602 |
||